| 000 | 00507nam a22001577a 4500 | ||
|---|---|---|---|
| 003 | macl | ||
| 005 | 20201210151918.0 | ||
| 008 | 201210b xxu||||| |||| 00| 0 eng d | ||
| 040 | _cmacl | ||
| 082 | _a200 | ||
| 100 |
_aधामा, मधु _980638 |
||
| 245 | _aपरमंश्वर की वाणी वेदों में विज्ञान | ||
| 260 |
_aदिल्ली _bमनभावन प्रकाशन _c2018 |
||
| 650 |
_aधर्म _980757 |
||
| 942 |
_2ddc _cHIN |
||
| 999 |
_c64014 _d64014 |
||